Linear models with R

Gardado en:
Detalles Bibliográficos
Autor Principal: Faraway, Julian J (Author)
Formato: Libro
Idioma:inglés
Publicado: Boca Ratón Chapman and Hall/CRC 2005
Series:Texts in Statistical Science
Subjects:
Tags: Engadir etiqueta
Sen Etiquetas, Sexa o primeiro en etiquetar este rexistro!

MARC

LEADER 00000cam a2200000 a 4500
001 UCH0607
003 CL-VaPUC
008 090320e20050000US |||||||||||||||||eng|d
020 |a 1584884258 
082 0 4 |a 519.72  |b FAR  |2 21 
100 |a Faraway, Julian J  |e author  |9 534832 
245 1 0 |a Linear models with R 
300 |a 229 p 
942 |c BK 
945 |d 20090320 00:00:00  |a rbrito 
260 |a Boca Ratón  |b Chapman and Hall/CRC  |c 2005 
650 0 |a Programación lineal   |9 23 
650 0 |a Análisis de varianza   |9 336938 
650 0 |a Análisis de regresión   |9 263763 
650 0 |a Estadística matemática  |9 260028 
583 |a last modification  |c 20140401 10:58:05  |k Rodrigo Vera 
490 0 |a Texts in Statistical Science 
999 |c 332889  |d 332887 
952 |0 0  |1 0  |4 0  |6 519_720000000000000_FAR_2005  |7 0  |8 A  |9 420936  |a BIBGIM  |b BIBGIM  |d 2019-11-22  |i 4520777  |o 519.72 FAR 2005  |p 4520777  |r 2025-01-15  |w 2019-11-22  |y BK  |k EST 
952 |0 0  |1 0  |4 0  |6 519_720000000000000_FAR_2005  |7 0  |8 A  |9 420937  |a BIBGIM  |b BIBGIM  |d 2019-11-22  |i 4854136  |o 519.72 FAR 2005  |p 4854136  |r 2025-01-15  |w 2019-11-22  |y BK  |k EST 
952 |0 0  |1 0  |4 0  |6 519_720000000000000_FAR_2005  |7 0  |8 A  |9 420938  |a BIBGIM  |b BIBGIM  |d 2019-11-22  |i 4854144  |o 519.72 FAR 2005  |p 4854144  |r 2025-01-15  |w 2019-11-22  |y BK  |k EST